<?xml version="1.0" encoding="UTF-8"?>
<record
    xmlns:xsi="http://www.w3.org/2001/XMLSchema-instance"
    xsi:schemaLocation="http://www.loc.gov/MARC21/slim http://www.loc.gov/standards/marcxml/schema/MARC21slim.xsd"
    xmlns="http://www.loc.gov/MARC21/slim">

  <leader>008080000a22002290004500</leader>
  <controlfield tag="003">LK-CoMWRAF</controlfield>
  <controlfield tag="005">20240318150759.0</controlfield>
  <controlfield tag="008">230817t1989       ||||| |||| 00| 0 eng d</controlfield>
  <datafield tag="020" ind1=" " ind2=" ">
    <subfield code="a">9558202002</subfield>
  </datafield>
  <datafield tag="040" ind1=" " ind2=" ">
    <subfield code="a">LK-CoMWRAF</subfield>
    <subfield code="d">LK-CoMWRAF</subfield>
    <subfield code="e">LK-CoMWRAF</subfield>
  </datafield>
  <datafield tag="041" ind1=" " ind2=" ">
    <subfield code="a">eng</subfield>
  </datafield>
  <datafield tag="082" ind1=" " ind2=" ">
    <subfield code="a">297.124</subfield>
    <subfield code="b">AZA</subfield>
  </datafield>
  <datafield tag="100" ind1=" " ind2=" ">
    <subfield code="a">&#xB85;&#xBB8;&#xBAE;&#xBBF;, &#xBAE;&#xBC1;&#xBB9;&#xBAE;&#xBCD;&#xBAE;&#xBA4;&#xBC1; &#xBAE;&#xBC1;&#xBB8;&#xBCD;&#xBA4;&#xBAA;&#xBBE;</subfield>
    <subfield code="v">Azami, Muhammad Musthafa</subfield>
  </datafield>
  <datafield tag="242" ind1=" " ind2=" ">
    <subfield code="a">Studies in Hadith Methodology and Literature</subfield>
  </datafield>
  <datafield tag="245" ind1=" " ind2=" ">
    <subfield code="a">&#xBB9;&#xBA4;&#xBC0;&#xBB8;&#xBCD; &#xBAE;&#xBC1;&#xBB1;&#xBC8;&#xBAE;&#xBC8;&#xBAF;&#xBC1;&#xBAE;&#xBCD; &#xB95;&#xBBF;&#xBB0;&#xBA8;&#xBCD;&#xBA4;&#xB99;&#xBCD;&#xB95;&#xBB3;&#xBC1;&#xBAE;&#xBCD;</subfield>
  </datafield>
  <datafield tag="246" ind1=" " ind2=" ">
    <subfield code="a">Hadees Muraimaiyum Kirandankalum</subfield>
  </datafield>
  <datafield tag="260" ind1=" " ind2=" ">
    <subfield code="a">Dharga Town:</subfield>
    <subfield code="b">Muslim Institute for Social development,</subfield>
    <subfield code="c">1989</subfield>
  </datafield>
  <datafield tag="300" ind1=" " ind2=" ">
    <subfield code="a">218 p.</subfield>
  </datafield>
  <datafield tag="650" ind1=" " ind2=" ">
    <subfield code="a">HADITH</subfield>
  </datafield>
  <datafield tag="856" ind1=" " ind2=" ">
    <subfield code="u">https://noolaham.net/project/135/13485/13485.pdf</subfield>
  </datafield>
  <datafield tag="942" ind1=" " ind2=" ">
    <subfield code="c">BK</subfield>
  </datafield>
  <datafield tag="952" ind1=" " ind2=" ">
    <subfield code="0">0</subfield>
    <subfield code="1">0</subfield>
    <subfield code="4">0</subfield>
    <subfield code="7">0</subfield>
    <subfield code="a">MAIN</subfield>
    <subfield code="b">MAIN</subfield>
    <subfield code="d">2023-08-17</subfield>
    <subfield code="l">0</subfield>
    <subfield code="o">297.124 AZA</subfield>
    <subfield code="p">RAF3594</subfield>
    <subfield code="r">2023-08-17</subfield>
    <subfield code="w">2023-08-17</subfield>
    <subfield code="y">BK</subfield>
  </datafield>
  <datafield tag="999" ind1=" " ind2=" ">
    <subfield code="c">3094</subfield>
    <subfield code="d">3094</subfield>
  </datafield>
</record>
